| 000 | 00429nam a2200169Ia 4500 | ||
|---|---|---|---|
| 008 | 230524s9999 xx 000 0 und d | ||
| 082 |
_a612 _bPAL |
||
| 100 |
_aG.P.Talwar _923876 |
||
| 245 | 0 | _aTextbook of Biochemistry and Human Biology | |
| 250 | _a3RD | ||
| 260 |
_aNEW DELHI _bPHI _c2003 |
||
| 300 | _aXI;1275 | ||
| 500 | _aQuantity Number: 1 | ||
| 650 | _aBiomedical | ||
| 700 |
_a L.M.Srivastava _923877 |
||
| 942 | _cBK | ||
| 999 |
_c35342 _d35342 |
||